000
00280cam a22000977a 4500
008
180718b1959 xxu||||| |||| 00| 0 eng d
082
_a
X21103x5411 As72r
245
_a
Rules for occupation of the guest house at Burnihat
260
_a
Shillong
_b
Government Press
_c
1959
300
_a
5p.
999
_c
425306
_d
425306